|
|
|
|
| LEADER |
00000nam2a2200000 4500 |
| 001 |
160417 |
| 005 |
20231101222203.0 |
| 035 |
|
|
|a (RuTPU)RU\TPU\book\173953
|
| 090 |
|
|
|a 160417
|
| 100 |
|
|
|a 20090521d2008 k y0rusy50 ca
|
| 101 |
0 |
|
|a rus
|
| 102 |
|
|
|a RU
|
| 105 |
|
|
|a y ac 000zy
|
| 200 |
0 |
|
|a Вып. 3
|
| 210 |
|
|
|d 2008
|
| 215 |
|
|
|a 258 с.
|
| 461 |
|
1 |
|0 (RuTPU)RU\TPU\book\174433
|t Теория, технологии, модели и применение методов искусственного интеллекта
|o библиографический указатель (отечественная и иностранная литература) (2000-2004 гг.)
|o в 4-х выпусках
|f Российская академия наук (РАН), Институт проблем управления им. В. А. Трапезникова (ИПУ) ; сост. Л. А. Сахабетдинова, Т. А. Бабушкина
|v Вып. 3
|d 2008
|
| 606 |
1 |
|
|a Библиографические пособия
|2 stltpush
|3 (RuTPU)RU\TPU\subj\28531
|9 52049
|
| 606 |
1 |
|
|a Искусственный интеллект
|2 stltpush
|3 (RuTPU)RU\TPU\subj\13185
|9 39836
|
| 610 |
1 |
|
|a библиографические указатели
|
| 610 |
1 |
|
|a кибернетика
|
| 610 |
1 |
|
|a изображения
|
| 610 |
1 |
|
|a обработка
|
| 610 |
1 |
|
|a технология
|
| 610 |
1 |
|
|a модели
|
| 610 |
1 |
|
|a методы
|
| 610 |
1 |
|
|a применение
|
| 675 |
|
|
|a 681.5(01)
|v 3
|
| 686 |
|
|
|a Я19:681.5
|v LBC/SL-A
|2 rubbk
|
| 801 |
|
1 |
|a RU
|b 63413507
|c 20090521
|g PSBO
|
| 801 |
|
2 |
|a RU
|b 63413507
|c 20120719
|g PSBO
|
| 942 |
|
|
|c BK
|